00760nam a2200217 a 450000100100000000500170001000800410002702000150006804000250008308200130010810000270012124500710014826000300021930000210024949000240027050000740029483000310036804900090039995201170040899900170052500002594620200930024155.0110224s1974 sp r 000 0 spa d a8420620963 aDO-SdBNPbspacBNPHU ann*bnn*1 aYllera, Alicia.95281010aEstilística, poética y semiótica literaria /cAlicia Yllera. aMadrid :bAlianza,c1974. a186 p. ;c20 cm.1 aAlianza Universidad aIncluye referencias bibliográficas y notas al pie de las páginas. 0aAlianza Universidad932127 aBNGR 001054708MOaGRbGRcCTd2011-02-24iLF1l0onn* nn*p25946-10r2020-06-25w2020-06-25y4ZPréstamo en sala c25438d25438